2024 NASCAR Cup Series Winners - Statistics

General Stats
  • This quiz has been taken 103 times
    47 since last reset
  • The average score is 35 of 38
Answer Stats
Hint Answer % Correct
NASCAR All-Star Race Joey Logano
100%
Ally 400 Joey Logano
100%
Quaker State 400 Joey Logano
100%
South Point 400 Joey Logano
100%
NASCAR Cup Series Championship Race Joey Logano
100%
Iowa Corn 350 Ryan Blaney
100%
Great American Getaway 400 Ryan Blaney
100%
Xfinity 500 Ryan Blaney
100%
Daytona 500 William Byron
100%
EchoPark Automotive Grand Prix William Byron
100%
Cook Out 400 (Martinsville) William Byron
100%
Food City 500 Denny Hamlin
97%
Toyota Owners 400 Denny Hamlin
97%
Würth 400 Denny Hamlin
97%
Pennzoil 400 Kyle Larson
97%
AdventHealth 400 Kyle Larson
97%
Toyota Save Mart 350 Kyle Larson
97%
Brickyard 400 Kyle Larson
97%
Bass Pro Shops Night Race Kyle Larson
97%
Bank Of America Roval 400 Kyle Larson
97%
Shriners Children’s 500 Christopher Bell
94%
Coca-Cola 600 Christopher Bell
94%
USA Today 301 Christopher Bell
94%
Grant Park 165 Alex Bowman
91%
Autotrader EchoPark Automotive 400 Chase Elliott
88%
Hollywood Casino 400 Ross Chastain
88%
Goodyear 400 Brad Keselowski
85%
Go Bowling At The Glen Chris Buescher
85%
Ambetter Health 400 Daniel Suarez
85%
GEICO 500 Tyler Reddick
85%
FireKeepers Casino 400 Tyler Reddick
85%
Straight Talk Wireless 400 Tyler Reddick
85%
Enjoy Illinois 300 Austin Cindric
82%
Cook Out 400 (Richmond) Austin Dillon
82%
Cook Out Southern 500 Chase Briscoe
82%
Coke Zero Sugar 400 Harrison Burton
79%
YellaWood 500 Ricky Stenhouse Jr.
74%
NASCAR All-Star Open Ty Gibbs
65%
No matching quizzes found
Score Distribution
Percent of People with Each Score
Percentile by Number Answered
Your Score History
You have not taken this quiz since the last reset